000 00225nam a22000857a 4500
008 161116b xxu||||| |||| 00| 0 eng d
100 _91229
_aArora.S.C.
245 _aNew Physics-XII
260 _aNew Delhi
_bDhanpat Publications
_c2012
999 _c3921
_d3921